WWE Survivor Series 2023 - Statistics

General Stats
  • This quiz has been taken 227 times
  • The average score is 9 of 13
Answer Stats
Hint Answer % Correct
Intercontinental Championship -- Gunther (c) vs. The Miz - Who won? Gunther
88%
Women's World Championship -- Rhea Ripley (c) vs. Zoey Stark - Who won? Rhea Ripley
85%
Who got the pin in above match? Becky Lynch
84%
Who made a surprise return after the main event finished? CM Punk
84%
Santos Escobar vs. Dragon Lee - Who won? Santos Escobar
84%
Who got the pin in above match? Cody Rhodes
82%
Who was very angry about the return of the above? Seth Rollins
82%
Who received the pin? Bayley
80%
Who received the great RKO from the top of the cell and received the pin? JD McDonagh
76%
Who returned to settle the Ruffles debate? R-Truth
62%
Damage CTRL (Iyo Sky, Asuka, Bayley & Kairi Sane) vs. Bianca Belair, Becky Lynch, Charlotte Flair, Shotzi (WarGames Match) - Who won? Team Bianca
29%
Finn Balor, Damian Priest, Drew McIntyre, Dominik Mysterio & JD McDonagh vs. Cody Rhodes, Seth Rollins, Randy Orton, Jey Uso & Sami Zayn (WarGames Match) - Who won? Team Cody
26%
How did above win? Boston Crab
19%
No matching quizzes found
Score Distribution
Percent of People with Each Score
Percentile by Number Answered
Your Score History
You have not taken this quiz